000 02673nam a22004697a 4500
001 15743039
003 OSt
005 20210421074729.0
008 090515s2010 sz a b 001 0 eng
010 _a 2009020416
015 _aGBA984568
_2bnb
016 7 _a101505073
_2DNLM
016 7 _a015357335
_2Uk
020 _a9781405134118 (pbk. : alk. paper)
020 _a1405134119 (pbk. : alk. paper)
035 _a(OCoLC)ocn338315871
040 _aDNLM/DLC
_cDLC
_dYDX
_dNLM
_dBTCTA
_dWS7
_dUBY
_dUKM
_dDLC
041 _aeng
042 _apcc
050 0 0 _aRT81.5
_b.I47 2010
080 _a616-08
_bH-75
082 0 0 _a610.73072
_222
245 0 0 _aImproving health through nursing research /
_cedited by William L. Holzemer.
_b/ by: Wiley-Blackwell,
260 _a[Geneva, Switzerland] :
_bInternational Council for Nurses ;
_aChichester, West Sussex, U.K. ;
_aAmes, Iowa :
_bWiley-Blackwell,
_c2010.
300 _axii, 258 p. :
_bill. ;
_c25 cm.
504 _aIncludes bibliographical references and index.
505 0 _aGlobal perspectives on health and nursing -- Building knowledge -- Theory and nursing science -- Improving patient care -- Enhancing care delivery -- Building professional nursing -- Defining the research problem -- Introduction to quantitative research -- Sampling -- Selecting instruments for research -- Experimental research designs -- Research critique -- Preparing data for analysis -- Interpretative research methods -- Interpretative data management and analysis -- Preparing qualitative data for analysis -- Responsible conduct of research -- Writing a research proposal -- Planning and managing a research project -- Presenting and publishing research findings -- Facilitating nursing research -- Information and communication technology infrastructure for evidence-based practice -- Translating research into practice.
650 0 _aNursing
_xResearch.
650 0 _aPatient Care
_9285
650 0 _aEvidence-based nursing.
650 1 2 _aNursing Research.
650 2 2 _aEvidence-Based Nursing.
650 2 2 _aResearch Design.
653 _aპაციენტის მოვლა
653 _aმტკიცებულებაზე დაფუძნებული პაციენტის მოვლა
653 _aპაციენტის მოვლის კვლევა
700 1 _aHolzemer, William L.
_eEditor
710 2 _aInternational Council of Nurses.
906 _a7
_bcbc
_corignew
_d1
_eecip
_f20
_gy-gencatlg
942 _2udc
_cBK
999 _c715
_d715